|
|
|
|
| LEADER |
01763nam a2200445 a 4500 |
| 001 |
000766828 |
| 003 |
CZ BrMZK |
| 005 |
20090306084428.0 |
| 007 |
ta |
| 008 |
050315s2003 xr a erp 000 0 cze d |
| 015 |
|
|
|a cnb001527214
|
| 020 |
|
|
|a 80-7044-523-8
|q (brož.)
|
| 035 |
|
|
|a (OCoLC)85139909
|
| 040 |
|
|
|a BOA001
|b cze
|
| 072 |
|
7 |
|a 51
|x Matematika
|2 Konspekt
|9 13
|
| 072 |
|
7 |
|a 37.016
|x Učební osnovy. Vyučovací předměty. Učebnice
|2 Konspekt
|9 22
|
| 080 |
|
|
|a 514.742
|2 MRF
|
| 080 |
|
|
|a 517
|2 MRF
|
| 080 |
|
|
|a (075.8)
|2 MRF
|
| 100 |
1 |
|
|a Fišer, Kurt
|7 mzk2004257535
|4 aut
|
| 245 |
1 |
0 |
|a Matematika pro fyziky /
|c Kurt Fišer, Zdeněk Moravec, Dušan Novotný
|
| 250 |
|
|
|a Vyd. 1.
|
| 260 |
|
|
|a Ústí nad Labem :
|b Univerzita J.E. Purkyně,
|c 2003
|
| 300 |
|
|
|a 195 s. :
|b il. ;
|c 30 cm
|
| 490 |
1 |
|
|a Skripta
|
| 500 |
|
|
|a 50 výt.
|
| 500 |
|
|
|a Na obálce nad názvem: Univerzita Jana Evangelisty Purkyně v Ústí nad Labem. Pedagogická fakulta
|
| 504 |
|
|
|a Obsahuje bibliografii
|
| 650 |
0 |
7 |
|a vektorový počet
|7 ph293195
|2 czenas
|
| 650 |
0 |
7 |
|a matematická analýza
|7 ph115238
|2 czenas
|
| 655 |
|
7 |
|a učebnice vysokých škol
|7 fd133772
|2 czenas
|
| 700 |
1 |
|
|a Moravec, Zdeněk,
|d 1968-
|7 mzk2005274812
|4 aut
|
| 700 |
1 |
|
|a Novotný, Dušan
|7 mzk2004231150
|4 aut
|
| 710 |
2 |
|
|a Univerzita J.E. Purkyně v Ústí nad Labem.
|b Pedagogická fakulta
|7 kn20010709358
|
| 810 |
2 |
|
|a Univerzita J.E. Purkyně v Ústí nad Labem.
|t Skripta
|0 s
|
| 856 |
4 |
1 |
|u http://www.digitalniknihovna.cz/mzk/uuid/uuid:7ce5dc20-106f-11e3-beb8-005056827e51
|y Digitalizovaný dokument
|x NDK
|
| 910 |
|
|
|a BOA001
|b 3-1148.697
|
| 990 |
|
|
|a BK
|
| 991 |
|
|
|b 200504
|c NOV
|
| 996 |
6 |
|
|b 2610246299
|c 3-1148.697
|l MZK
|r Sklad / do 1 hodiny
|n 1
|p p.v.
|w 000766828
|u 000010
|a 1
|e BOA001
|j MZK50
|s P
|